Bronislav Losenický : 1933-2006 /

Další autoři: Jílková, Marie, Losenický, Bronislav, 1933-2006
Jazyk: Čeština
Vydáno: V Plzni : Unie výtvarných umělců plzeňské oblasti :Západočeská galerie, 2008
Témata:
Externí odkaz: Digitalizovaný dokument
Fyzický popis: 110 s. : il. (převážně barev.), portréty ; 23 cm
Language note: Anglické a německé resumé
Knihy
Uloženo v:
LEADER 02763nam a2200697 a 4500
001 nkc20091855085
003 CZ PrNK
005 20090612145934.0
007 ta
008 090206s2008 xr ac e 010 0bcze
015 |a cnb001855085 
020 |a 978-80-86415-63-5  |q (Západočeská galerie ;  |q brož.) 
035 |a (OCoLC)320226894 
040 |a OLA001  |b cze  |d BOA001  |d ABA001 
041 0 |a cze  |b eng  |b ger 
043 |a e-xr--- 
045 |a x3y0 
072 7 |a 75  |x Malířství  |2 Konspekt  |9 21 
080 |a 75.071.1  |2 MRF 
080 |a 75(437.3)  |2 MRF 
080 |a 741/744(437.3)  |2 MRF 
080 |a 75.036/.038  |2 MRF 
080 |a 72/76.072.3  |2 MRF 
080 |a (437.3)  |2 MRF 
080 |a (082)  |2 MRF 
080 |a (0:82-94)  |2 MRF 
080 |a (0:82-9)  |2 MRF 
245 0 0 |a Bronislav Losenický :  |b 1933-2006 /  |c [redakční rada Marie Jílková ... et al.] 
260 |a V Plzni :  |b Unie výtvarných umělců plzeňské oblasti :  |b Západočeská galerie,  |c 2008 
300 |a 110 s. :  |b il. (převážně barev.), portréty ;  |c 23 cm 
500 |a Sborník byl vydán k nedožitým 75. narozeninám Bronislava Losenického 
500 |a Životopisná data a přehled výstav 
500 |a 500 výt. 
504 |a Obsahuje bibliografii a bibliografické odkazy 
546 |a Anglické a německé resumé 
600 1 7 |a Losenický, Bronislav,  |d 1933-2006  |7 jn20001227322  |2 czenas 
648 4 |a 1947-2006 
650 0 7 |a malíři  |7 ph122596  |z Česko  |y 20.-21. století  |2 czenas 
650 0 7 |a české malířství  |7 ph116864  |y 20.-21. století  |2 czenas 
650 0 7 |a česká kresba  |7 ph116857  |y 20.-21. století  |2 czenas 
650 0 7 |a moderní malířství  |7 ph122940  |z Česko  |2 czenas 
650 0 7 |a výtvarná kritika  |7 ph127462  |z Česko  |y 20.-21. století  |2 czenas 
650 0 9 |a painters  |z Czechia  |y 20th-21st centuries  |2 eczenas 
650 0 9 |a Czech painting  |y 20th-21st centuries  |2 eczenas 
650 0 9 |a Czech drawing  |y 20th-21st centuries  |2 eczenas 
650 0 9 |a modern painting  |z Czechia  |2 eczenas 
650 0 9 |a art criticism  |z Czechia  |y 20th-21st centuries  |2 eczenas 
655 7 |a sborníky  |7 fd163935  |2 czenas 
655 7 |a vzpomínky  |7 fd133830  |2 czenas 
655 7 |a texty  |7 fd133699  |2 czenas 
655 9 |a miscellanea  |2 eczenas 
655 9 |a reminiscences  |2 eczenas 
655 9 |a texts  |2 eczenas 
700 1 |a Jílková, Marie  |7 jx20090420018  |4 edt 
700 1 |a Losenický, Bronislav,  |d 1933-2006  |7 jn20001227322  |4 art 
856 4 1 |u http://www.digitalniknihovna.cz/mzk/uuid/uuid:525cede0-c3ac-11e3-b110-005056827e51  |y Digitalizovaný dokument  |x NDK 
910 2 |a BOA001  |b 2-1221.137 
990 |a BK 
995 |a 01 
991 |b 200904  |c NOV 
996 6 |b 2610373636  |c 2-1221.137  |l MZK  |r Sklad / do 1 hodiny  |n 3  |p p.v.  |w 000934246  |u 000010  |a 1  |e BOA001  |j MZK50  |s P